00620 2200181 4500001002100000005001700021008004100038035002500079082001100104090002000115100001500135245013700150260006500287300003000352650002500382850001200407990001900419YOGYA-0113000000092920150319113840.0 ind  a0010-011300000000929 a347.01 aSK 347.01 Uli P aULIL ABSOR aPelaksanaan perkawinan poligami di wilayah Kabupaten Bantul setelah berlakunya Undang-undang perkawinan no. 1 tahun 1974cUlil Absor aYogyakartabUniversitas Islam Indonesia Fakultas Hukumc2004 ax,80,(66)lbrblampc29 cm aPoligami dalam Islam aYOPDYOG a42.110.PD/A.12